Normal view
MARC view
Entry Personal Name
001 - CONTROL NUMBER
- control field: 62363
003 - CONTROL NUMBER IDENTIFIER
- control field: dpl
005 - DATE AND TIME OF LATEST TRANSACTION
- control field: 20240221160343.0
008 - FIXED-LENGTH DATA ELEMENTS
- fixed length control field: 240221|| aca||aabn | a|a d
040 ## - CATALOGING SOURCE
- Original cataloging agency: dpl
- Transcribing agency: dpl
100 ## - HEADING--PERSONAL NAME
- Personal name: वाल्मीकि, ओमप्रकाश
670 ## - SOURCE DATA FOUND
- Source citation: Work cat.: (dpl)200970: वाल्मीकि, ओमप्रकाश, मुख्य और दलित साहित्य /, 2023
